00804 2200277 4500001002100000005001700021008004100038020001800079035002400097082001000121090001700131100002400148245008400172250001100256260003800267300002100305500002700326500008200353650001000435700001900445850001500464980001300479985000600492986001300498999001500511YOGYA-0209000001036020090227022032.0 ind  a979-592-033-2 0010-020900000010360 a297.4 a297.4bRuh F aAR-RUHAILY, Ruway'i aFikih UmarcRuway'i Ar-Ruhaily ; penerjemah, Abbas M.B. ; editor, Iyoh Masruroh aCet. 1 aJakartabPustaka Al-Kautsarc1994 a... jilidc18 cm aYang diterima : Jil. 1 aJudul asli : Fiqhu Umar Ibnu Khathab muwaazinan bifiqhi Asyhuri Al-Mujtahidin aFiqih aMasruroh, Iyoh aYOPDYOG(B) a05-07-12 a1 aMsrthrev a97P0096703